02227 a2200397 45000010006000000050017000060080041000230030015000640400040000790800057001192450031001760200018002072640043002253000025002685050892002931000026011857000025012117000021012367000038012577000019012957000031013147000025013457000037013707000034014077000024014417000023014657000028014887000020015167000021015367000024015577000036015817000030016177000031016477000037016788560114017152121120260407155503.0260407a2004 arg spa dAR-UNSa-BCEJYS aAR-UNSa-BCEJYSbspacAR-UNSa-BCEJYS a658.5xPlanificación y control de la producción 10aProducción y operaciones a950-537-622-7 1aBuenos Aires :bEdiciones Macchic2004 axlii, 753 p.c26 cm. a1. La empresa como sistema, y el subsistema de operaciones - 2. Microeconomía - 3. Estrategia de operaciones - 4. Evaluación y gerencia de proyectos - 5. Selección y diseño del producto - 6. Selección y diseño del proceso: manufactura y servicios - 7. Gestión del conocimiento y la tecnología - 8. Tecnología de operaciones - 9. Gestión de calidad - 10. Control de calidad - 11. Planeación de la capacidad - 12. Macro y microubicación de las instalaciones - 13. Distribución de instalaciones - 14. Diseño y medición del trabajo - 15. Logística y la gestión de la cadena de suministros - 16. Gestión de inventarios - 17. Planificación agregada - 18. Planificación a corto plazo (MRP) - 19. Sistema justo a tiempo - 20. Control de gestión y diagnóstico de las operaciones - 21. Gestión del mantenimiento - 22. Higiene y seguridad en el trabajo1 aAdler, Martín Oscar1 aAdler, Erica Valeria1 aCalabuig, Alicia1 aCalderón Izaguirre, José Luis1 aCarro, Roberto1 aCasabene, Héctor Marcelo1 aMarco, Dante Juan de1 aEstrella Orrego, Marcelo Gustavo1 aFucci, Tomás Antonio Rafael1 aGimbatti, Aldo Omar1 aKenis, Rafael Hugo1 aLópez Aráoz, Carlos1 aMartini, Marcos1 aMonterroso, Elda1 aOgando, José Luis1 aPérez Cortés, Angel Alberto1 aQuiroga, Cecilia Virginia1 aSpotorno, María Mónica1 aYasem de Estofán, Irma Noemí41uhttps://biblioeco.unsa.edu.ar/pmb/images/libros/Producci?n & Operaciones 3.jpgyImagen de portadaqimage/jpeg